Qosqo qhechwasimipi akllasqa rimaykuna / | Antología Quechua del Cusco / (Record no. 12504)

000 -CABECERA
fixed length control field 00929nam a22002177a 4500
003 - IDENTIFICADOR DEL NÚMERO DE CONTROL
control field AR-CdUCM
008 - DATOS DE LONGITUD FIJA--INFORMACIÓN GENERAL
fixed length control field 190409b ||||| |||| 00| 0 spa d
040 ## - FUENTE DE LA CATALOGACIÓN
Agencia/entidad que catalogó originalmente la obra MUNICIPALIDAD PROVINCIAL DEL CUSCO
Entidad que transcribió la catalogación BIBLIOTECA MUNICIPAL DEL CUSCO
082 ## - NÚMERO DE LA CLASIFICACIÓN DECIMAL DEWEY
No. de Clasificación 498.51 /
Notacion interna AN634
110 ## - ENTRADA PRINCIPAL--NOMBRE DE ENTIDAD CORPORATIVA
Nombre de la institución, jurisdicción como entrada principal Municipalidad Provincial del Cusco
9 (RLIN) 5084
245 ## - MENCIÓN DE TÍTULO
Título Qosqo qhechwasimipi akllasqa rimaykuna /
-- Antología Quechua del Cusco /
260 ## - PUBLICACIÓN, DISTRIBUCIÓN, ETC.
Lugar de publicación, distribución, etc. Cusco :
Nombre de la editorial, distribuidor, etc. Municipalidad del Cusco,
Fecha de publicación, distribución, etc. 2011.
300 ## - DESCRIPCIÓN FÍSICA
Nº de Páginas Extensión 373 páginas ;
Otros detalles físicos Fotografías, ilustraciones,
Dimensiones 25 cm..
505 ## - NOTA DE CONTENIDO CON FORMATO
Nota de contenido formateada Contenido: Kawsaymanta willaykunawan chaskisimiwan willakuykunawan-Narrativa oral -- Sirmunkunawan kunasqakunawan yachanapaq qillqasqakunawan-Sermones,discursos y ensayos ...
650 ## - PUNTO DE ACCESO ADICIONAL DE MATERIA--TÉRMINO DE MATERIA
Descriptor Lengua nativa
9 (RLIN) 18276
650 ## - PUNTO DE ACCESO ADICIONAL DE MATERIA--TÉRMINO DE MATERIA
Descriptor Quechua
9 (RLIN) 2063
650 ## - PUNTO DE ACCESO ADICIONAL DE MATERIA--TÉRMINO DE MATERIA
Descriptor Cusco-Perú
9 (RLIN) 13542
942 ## - ELEMENTOS DE PUNTO DE ACCESO ADICIONAL (KOHA)
Fuente de clasificación
Tipo de item Libros-BMC
945 ## - PROCESAMIENTO DE INFORMACIÓN LOCAL (OCLC)
Catalogador cmm
AAAA-MM-DD - Fecha de ingreso o modificacion 2019-04-09
Holdings
Estado de retiro (separado) Fuente de clasificación o esquema de estanterías Estado dañado Ubicación Sala donde se ubica Nombre de la colección Fecha de adquisición o compra Costo, precio normal en soles Signatura topográfica Código de Barras Última vez visto (Koha) Tipo de ítem (Koha)
No     Sala Humanidades Sala Humanidades Book Cart 2019-04-09 100.00 498.51 / AN634 SH0000010277 2019-04-09 Libros-BMC
No     Sala Humanidades Sala Humanidades Book Cart 2019-04-09 100.00 498.51 / AN634 / e.2 SH0000010278 2019-04-09 Libros-BMC

Powered by Koha